000 00650cam a2200229 4500500
005 20260329004324.0
041 _afre
042 _adc
100 1 0 _aPortevin, Catherine
_eauthor
245 0 0 _aPassions sociales
260 _c2019.
500 _a13
690 _aColère
690 _aEva Illouz
690 _aGérald Bronner
690 _aGilets jaunes
690 _aGloria Origgi
690 _aSocial
690 _aVincent Descombes
786 0 _nPhilosophie magazine | 130 | 6 | 2019-06-01 | p. 59-59 | 1951-1787
856 4 1 _uhttps://shs.cairn.info/magazine-philosophie-magazine-2019-6-page-59?lang=fr&redirect-ssocas=7080
999 _c1832798
_d1832798